WWE TRIVIA - Statistics

General Stats
  • This quiz has been taken 68 times
  • The average score is 5 of 8
Answer Stats
Question Answer % Correct
Who has the longest reigning title in mens? Bruno Sammartino
94%
Which title did they retired in 2022? 24/7 Title/ Cruiserweight Title
75%
How did John Cena get his job? He rapped for Stephanie McMahon
69%
Which PPV (Paper View) do they not do anymore? Cyber Sunday
63%
Who has the longest title reign in womens? The Fabulous Moolah
56%
How many times did The Undertaker change attire? 3
44%
What was Mickie James nickname? Bubbles
38%
What was WWE named first? CWC
13%
No matching quizzes found
Score Distribution
Percent of People with Each Score
Percentile by Number Answered
Your Score History
You have not taken this quiz